Pokemon Abilities: Prankster - Statistics

General Stats
  • This quiz has been taken 12 times
  • The average score is 12 of 18
Answer Stats
Hint Answer % Correct
VIII Grimmsnarl
100%
VIII Impidimp
100%
VIII Morgrem
100%
V Cottonee
86%
VI Klefki
86%
III Mega Banette
86%
II Murkrow
86%
III Sableye
86%
VI Meowstic (Boyz only)
71%
V Tornadus (Incarnate)
71%
V Liepard
57%
V Purrloin
57%
III Illumise
43%
IV Riolu
43%
V Thundurus (Incarnate)
43%
III Volbeat
43%
IX Grafaiai
29%
IX Shroodle
29%
No matching quizzes found
Score Distribution
Percent of People with Each Score
Percentile by Number Answered
Your Score History
You have not taken this quiz